000 00644nam a22001815i 4500
001 166709
003 ES-MaACL
005 20250806063136.0
008 031024s1873 sp |||| | spa d
040 _aCCPB | B
_bspa
_cCCPB | B
100 1 _aTubino, Francisco María,
_d1833-1888
_9111620
245 1 0 _aPatria y federalismo /
_cpor F. M. Tubino.
260 _aMadrid :
_bA. Duran, librería,
_c1873 (
_eSevilla :
_fLa Andalucía)
300 _a212 p. ;
_c21 cm.
650 0 4 _aFederalismo
_912738
852 _aES-MaACL
_jD-4706(4)
_z-- Enc. hol., falto de la cub. original
_z-- Enc. en un vol. facticio
999 _c166709
_d166709